| 000 | 00374nam a22001217a 4500 | ||
|---|---|---|---|
| 082 | _a220 PRO | ||
| 100 |
_aOMER,USMAN,ARSALAN _972167 |
||
| 245 | _aPR-SOF-1127-ENERGY ANALYSIS TO DESIGN WASTE HEAT RECOVERY SYSTEM AT AES THERMAL POWER PLANT LALPIR | ||
| 260 |
_aISLAMABAD _bNUST COLLEGE OF EME _c2011 |
||
| 650 | _a DE-MECH-29 | ||
| 700 |
_aAHMED SOHAIL _919076 |
||
| 942 | _cCR | ||
| 999 |
_c578325 _d578325 |
||